Hemípteros de interés agrícola; chinches perjudiciales y chinches benéficas para los cultivos /
Guardado en:
| Autor Principal: | |
|---|---|
| Formato: | Libro |
| Publicado: |
Buenos Aires :
Hemisferio Sur,
1979
|
| Materias: | |
| Etiquetas: |
Agregar Etiqueta
Sin Etiquetas, Sea el primero en etiquetar este registro!
|
| LEADER | 01020nam a22002295a 4500 | ||
|---|---|---|---|
| 001 | CEM.cems005477 | ||
| 008 | 130507s1979##################000#0#####d | ||
| 005 | 20210914191125.0 | ||
| 003 | CEMS | ||
| 245 | 1 | 0 | |a Hemípteros de interés agrícola; chinches perjudiciales y chinches benéficas para los cultivos / |
| 260 | |a Buenos Aires : |b Hemisferio Sur, |c 1979 | ||
| 300 | |a 69 p. | ||
| 505 | 0 | |a Generalidades sobre los pulgones, importancia y daños que causan.- Morfología externa.-Biología.-Sistemática.-Procedimiento de lucha. -Descripción de algunas especies de la familia Aphididae.-Lista de pulgones perjudiciales a los cultivos de la Argentina | |
| 100 | 1 | |a Rizzo, Horacio F. E. | |
| 082 | 0 | 4 | |a 595.75 |
| 653 | |a Chinches | ||
| 653 | |a Hemipteros | ||
| 653 | |a Plagas agricolas | ||
| 653 | |a Zoologia | ||
| 859 | |a CEMS |b BIB. CEMS - Agricultura |h 595.75 |i R529 |p A8614.81 |t Ej.1 | ||
| 859 | |a CEMS |b BIB. CEMS - Agricultura |h 595.75 |i R529 |p A10920.82 |t Ej.2 | ||
| 859 | |a CEMS |b BIB. CEMS - Agricultura |h 595.75 |i R529 |p A16005.90 |t Ej.3 | ||
